Statistiques concernant Coupe du monde de rugby : Classement général

Cliquez ici pour prendre le quiz!

Statistiques générales

  • Ce quiz a été pris 93 fois
  • Le résultat moyen est 8 sur 8

Statistiques - réponses

Classement Pays Vainqueur Finaliste Troisième Quatrième % Correct
1erNouvelle-Zélande3121
100%
2eAustralie2211
100%
4eAngleterre12-1
100%
5eFrance-312
100%
3eAfrique du Sud2-2-
99%
7eArgentine--11
96%
6ePays de Galles--11
95%
8eEcosse---1
93%

Distribution des résultats

Percentile by Number Answered

% des personnes avec chaque résultat

Votre développement - résultats

Vous n’avez pas pris ce quiz